Nghệ thuật truyện viết cho thiếu nhi của Tạ Duy Anh

Tạ Duy Anh và mối duyên với văn học thiếu nhi. Nhân vật và không gian nghệ thuật trong truyện viết cho thiếu nhi của Tạ Duy Anh. Nghệ thuật kể chuyện và dấu ấn ngôn từ trong truyện viết cho thiếu nhi của Tạ Duy Anh.

Guardado en:
Detalles Bibliográficos
Autor principal: Nguyễn Thị Kim Đẹp
Otros Autores: Bùi Thanh Truyền TS. (Hướng dẫn)
Formato: Libro
Lenguaje:Vietnamese
Publicado: Đà Nẵng Đại học Đà Nẵng 2014
Materias:
Etiquetas: Agregar Etiqueta
Sin Etiquetas, Sea el primero en etiquetar este registro!
Thư viện lưu trữ: Mạng thư viện Đại học Đà Nẵng
LEADER 01725nam a2200349 4500
001 000020023
003 16464
005 20150310110302.0
008 141224s2014 viesd
041 |a vie 
082 1 4 |a 895.92234  |b NG-Đ 
100 1 |a Nguyễn Thị Kim Đẹp 
245 1 |a Nghệ thuật truyện viết cho thiếu nhi của Tạ Duy Anh  |c Nguyễn Thị Kim Đẹp ; Bùi Thanh Truyền hướng dẫn.  |k Luận văn Thạc sĩ 
260 |a Đà Nẵng  |b Đại học Đà Nẵng  |c 2014 
300 |a 96 tr., phụ lục 3 tr.  |c 29 cm.  |e Tóm tắt 
500 |a Luận văn thạc sĩ Khoa học. Chuyên ngành: Văn học Việt Nam. Mã số: 60.22.34 
520 |a Tạ Duy Anh và mối duyên với văn học thiếu nhi. Nhân vật và không gian nghệ thuật trong truyện viết cho thiếu nhi của Tạ Duy Anh. Nghệ thuật kể chuyện và dấu ấn ngôn từ trong truyện viết cho thiếu nhi của Tạ Duy Anh. 
600 1 4 |a Tạ Duy Anh  |d 1959- 
650 0 4 |a Truyện ngắn thiếu nhi Việt Nam  |v Luận văn tốt nghiệp  |x Nghiên cứu 
653 |a Truyện ngắn thiếu nhi Việt Nam 
653 |a Văn học Việt Nam 
700 1 |a Bùi Thanh Truyền  |c TS.  |e Hướng dẫn 
OWN |a LSP 
AVA |a UDN50  |b LSP  |d 895.92234 NG-Đ  |e available  |t Error 5001 Not defined in file expand_doc_bib_avail.  |f 1  |g 0  |h N  |i 0  |k 1 
999 |a From the UDN01 
AVA |a UDN50  |b LSP  |d 895.92234 NG-Đ  |e available  |t Error 5001 Not defined in file expand_doc_bib_avail.  |f 1  |g 0  |h N  |i 0  |k 1 
TYP |a Monograph 
TYP |a Printed language 
980 |a Mạng thư viện Đại học Đà Nẵng